000 00448ntaaa2200181 4500
003 01
005 20251027201702.0
008 0714s1973 ag 01
040 _aAR-BaBN
_bspa
_cAR-BaBN
_eaacr
_dRIC
082 _a232.9635 C16
100 _aCanclini, Arnoldo
_938
245 _aVamos al calvario
250 _a1 ed.
260 _aEl Paso :
_bCasa Bautista de Publicaciones,
_c1966
300 _a31 p
650 _acrucifixión
_910834
942 _cBK
999 _c11597
_d11597